| 000 | 01096nam a2200229Ia 4500 | ||
|---|---|---|---|
| 001 | 16761 | ||
| 003 | GE_BSU | ||
| 008 | 181216s||||||||xx |||||||||||||| ||und|| | ||
| 040 | _cGE_BSU | ||
| 080 | _a821.353.1 + 821.353.1-32 + 821.353.1-31 | ||
| 100 | _aბარნოვი, ვასილ (1856-1934) | ||
| 245 | _aთხზულებათა სრული კრებული 10 ტომად. ტ. 4 : მოთხრობები, რომანები, ვარიანტები | ||
| 245 | _cსარედ. კოლ.: გიორგი ლეონიძე (რედ.) სოლომონ ყუბანეიშვილი, მიხეილ ჩიქოვანი | ||
| 260 | _aთბილისი | ||
| 260 | _bსაბჭ. მწერალი | ||
| 260 | _c1961 | ||
| 300 | _a411 გვ.21სმ. | ||
| 653 | _aთხზულებათა სრული კრებული | ||
| 653 | _aმოთხრობა | ||
| 653 | _aმოთხრობები, რომანები, ვარიანტები | ||
| 942 | _cBK | ||
| 999 |
_c49826 _d49826 |
||